000 00644nam a2200205 i 4500
001 87319
003 ES-MaACL
005 20230906175639.0
007 t|
008 041221s1970 xxr ||||1| spa d
100 1 _aKrasnov, Mijail Leontevich.
_968742
245 1 0 _aEcuaciones integrales /
_cM.L. Krasnov, A.I. Kiseliov, G.I. Makarencko ; [traducido del ruso por Juan José Tolosa].
260 _aMoscú :
_bMiz,
_c1970.
300 _a188 p. ;
_c20 cm.
700 1 _aKiseliov, A. I.
_968151
700 1 _aMakarencko, G. I.
_975656
700 1 _aTolosa , Juan José.
_9210707
852 _aES-MaACL
_jC-56769
_bR.89554
999 _c87319
_d87319